Computer Fundamentals/ (Record no. 215040)

MARC details
000 -LEADER
fixed length control field 00653nam a22001937a 4500
005 - DATE AND TIME OF LATEST TRANSACTION
control field 20260228170942.0
010 ## - LCCN (DPL NO)
LC control number BACEN26
020 ## - INTERNATIONAL STANDARD BOOK NUMBER
International Standard Book Number 9789381156117
Terms of availability 595.00
037 ## - SOURCE OF ACQUISITION
Source of stock number/acquisition Variety Books Publisher's
082 ## - DEWEY DECIMAL CLASSIFICATION NUMBER
Classification number 005.133
100 ## - MAIN ENTRY--PERSONAL NAME
Personal name Pandey, U.S.
245 ## - TITLE STATEMENT
Title Computer Fundamentals/
Statement of responsibility, etc by U.S. Pandey, Harman Preet Singh [and] Varinder Kumar
260 ## - PUBLICATION, DISTRIBUTION, ETC. (IMPRINT)
Place of publication, distribution, etc New Delhi
Name of publisher, distributor, etc Variety Books Publisher's
Date of publication, distribution, etc 2025
270 ## - ADDRESS
City New Delhi
Postal code 110002
Address 4638 ist floor, 21 Ansari road, daryganj,
300 ## - PHYSICAL DESCRIPTION
Extent 446p.
Dimensions 24cm(pb)
700 ## - ADDED ENTRY--PERSONAL NAME
Personal name Harman Preet Singh
9 (RLIN) 81884
700 ## - ADDED ENTRY--PERSONAL NAME
Personal name Varinder Kumar
9 (RLIN) 81885
942 ## - ADDED ENTRY ELEMENTS (KOHA)
Source of classification or shelving scheme Dewey Decimal Classification
Item type English Books
Classification part 005.133
Call number suffix PAN

No items available.


© Delhi Public Library
Hit Counter
free hit counter